Selected Works of Michael Wallerstein : (Record no. 14050)
[ view plain ]
| 000 -LEADER | |
|---|---|
| fixed length control field | 01542cam a2200337 a 4500 |
| 001 - CONTROL NUMBER | |
| control field | 14935441 |
| 005 - DATE AND TIME OF LATEST TRANSACTION | |
| control field | 20080522205043.0 |
| 008 - FIXED-LENGTH DATA ELEMENTS--GENERAL INFORMATION | |
| fixed length control field | 070720s2008 enk |rb 001 0 eng |
| 010 ## - LIBRARY OF CONGRESS CONTROL NUMBER | |
| LC control number | 2007029945 |
| 020 ## - INTERNATIONAL STANDARD BOOK NUMBER | |
| International Standard Book Number | 9780521886888 (hardback) |
| 020 ## - INTERNATIONAL STANDARD BOOK NUMBER | |
| International Standard Book Number | 9780521714853 (pbk.) |
| 040 ## - CATALOGING SOURCE | |
| Original cataloging agency | DLC |
| Transcribing agency | DLC |
| Modifying agency | DLC |
| 050 00 - LIBRARY OF CONGRESS CALL NUMBER | |
| Classification number | HB171 |
| Item number | .W216 2008 |
| 082 00 - DEWEY DECIMAL CLASSIFICATION NUMBER | |
| Classification number | 335.0092 |
| Edition number | 22 |
| Item number | MIC |
| 100 1# - MAIN ENTRY--PERSONAL NAME | |
| Personal name | Wallerstein, Michael, |
| Dates associated with a name | 1951- |
| 9 (RLIN) | 14531 |
| 245 10 - TITLE STATEMENT | |
| Title | Selected Works of Michael Wallerstein : |
| Remainder of title | The Political Economy of Inequality, Unions, and Social Democracy / |
| Statement of responsibility, etc | Edited by David Austen-Smith ... [et al.]. |
| 260 ## - PUBLICATION, DISTRIBUTION, ETC. (IMPRINT) | |
| Place of publication, distribution, etc | Cambridge ; |
| -- | New York : |
| Name of publisher, distributor, etc | Cambridge University Press, 2008 |
| Date of publication, distribution, etc | 2008. |
| 300 ## - PHYSICAL DESCRIPTION | |
| Extent | ix, 466 p. ; |
| Dimensions | 24 cm. |
| 490 0# - Series Statement | |
| Series statement | Cambridge studies in comparative politics |
| -- | 14537 |
| 504 ## - BIBLIOGRAPHY, ETC. NOTE | |
| Bibliography, etc | Includes bibliographical references and index. |
| 650 #0 - SUBJECT ADDED ENTRY--TOPICAL TERM | |
| Topical term or geographic name as entry element | Economics. |
| 9 (RLIN) | 14532 |
| 650 #0 - SUBJECT ADDED ENTRY--TOPICAL TERM | |
| Topical term or geographic name as entry element | Equality. |
| 9 (RLIN) | 14533 |
| 650 #0 - SUBJECT ADDED ENTRY--TOPICAL TERM | |
| Topical term or geographic name as entry element | Labor unions. |
| 9 (RLIN) | 14534 |
| 650 #0 - SUBJECT ADDED ENTRY--TOPICAL TERM | |
| Topical term or geographic name as entry element | Socialism. |
| 9 (RLIN) | 14535 |
| 700 1# - ADDED ENTRY--PERSONAL NAME | |
| Personal name | Austen-Smith, David. |
| 9 (RLIN) | 14536 |
| 856 42 - ELECTRONIC LOCATION AND ACCESS | |
| Materials specified | Publisher description |
| Uniform Resource Identifier | <a href="http://www.loc.gov/catdir/enhancements/fy0803/2007029945-d.html">http://www.loc.gov/catdir/enhancements/fy0803/2007029945-d.html</a> |
| 856 41 - ELECTRONIC LOCATION AND ACCESS | |
| Materials specified | Table of contents only |
| Uniform Resource Identifier | <a href="http://www.loc.gov/catdir/enhancements/fy0803/2007029945-t.html">http://www.loc.gov/catdir/enhancements/fy0803/2007029945-t.html</a> |
| 942 ## - ADDED ENTRY ELEMENTS (KOHA) | |
| Source of classification or shelving scheme | Dewey Decimal Classification |
| Item type | Book - Borrowing |
| Withdrawn status | Item status | Source of classification or shelving scheme | Damaged status | Not for loan | Vendor | Home library | Current library | Shelving location | Date acquired | Source of acquisition | Cost, normal purchase price | Serial Enumeration / chronology | Total Checkouts | Full call number | Barcode | Date last seen | Date last borrowed | Koha item type |
|---|---|---|---|---|---|---|---|---|---|---|---|---|---|---|---|---|---|---|
| Dewey Decimal Classification | Baccah | Central Library | Central Library | First floor | 03/06/2010 | 165.00 | 10351 | 1 | 335.0092 MIC | 000020975 | 15/07/2025 | 25/11/2013 | Book - Borrowing |